[Event "Montreal op"]
[Site "Montreal CAN"]
[Date "2025.09.07"]
[Round "6.30"]
[White "Yu, Jonathan"]
[Black "Charaf, Bassel"]
[Result "0-1"]
[WhiteElo "2052"]
[BlackElo "2003"]
[WhiteFideId "-1"]
[WhiteFideId "-1"]
[PlyCount "74"]
[GameId "2221633315279522"]
[EventDate "2025.09.03"]
[EventType "swiss"]
[EventRounds "7"]
[EventCountry "CAN"]

1. a4 c5 2. g3 Nc6 3. Bg2 g6 4. Nf3 Bg7 5. O-O d5 6. d3 Nf6 7. Nbd2 O-O 8. c3 e5 9. Qc2 h6 10. a5 a6 11. e4 dxe4 12. dxe4 Be6 13. Ra4 Nd7 14. Rd1 Nxa5 15. b4 cxb4 16. cxb4 Rc8 17. Qb1 Nc4 18. Nxc4 Bxc4 19. Be3 Qc7 20. Ra5 Bb5 21. Bf1 Bxf1 22. Kxf1 Rfd8 23. Kg2 Nb8 24. Rad5 Nc6 25. b5 axb5 26. Qxb5 Rxd5 27. Rxd5 Re8 28. Bb6 Qe7 29. Bc5 Qc7 30. Qd3 Qa5 31. Be3 Qa4 32. Rd7 Nd4 33. Rxb7 Qc6 34. Rb1 Nxf3 35. Kxf3 f5 36. Rb6 fxe4+ 37. Qxe4 Rf8+ 0-1

[Event "Montreal op"]
[Site "Montreal CAN"]
[Date "2025.09.07"]
[Round "6.31"]
[White "Lalande, Auguste"]
[Black "Fodil, Abderrahmane"]
[Result "1-0"]
[WhiteElo "1400"]
[BlackElo "1400"]
[WhiteFideId "-1"]
[WhiteFideId "-1"]
[PlyCount "109"]
[GameId "2221633315287715"]
[EventDate "2025.09.03"]
[EventType "swiss"]
[EventRounds "7"]
[EventCountry "CAN"]

1. e4 c6 2. Nc3 d5 3. Nf3 Bg4 4. Be2 dxe4 5. Nxe4 Bxf3 6. Bxf3 Nf6 7. Qe2 e6 8. c3 Nxe4 9. Bxe4 Bd6 10. d4 O-O 11. Qg4 f5 12. Qh3 fxe4 13. Qxe6+ Kh8 14. Be3 Re8 15. Qg4 Nd7 16. h4 Nf6 17. Qe2 Qd7 18. O-O-O Qg4 19. Qc4 Nd5 20. Rde1 Bf4 21. Bxf4 Nxf4 22. f3 Qxg2 23. Rhg1 Nd3+ 24. Qxd3 Qxg1 25. Qe2 Qg6 26. fxe4 Qh6+ 27. Kc2 Qxh4 28. e5 Rf8 29. Kb3 Rf2 30. Qe3 Qh2 31. e6 Rxb2+ 32. Kc4 b5+ 33. Kc5 Qc7 34. e7 Re8 35. Rf1 Qb6+ 36. Kd6 Qb8+ 37. Ke6 Rh2 38. Qe5 Qxe5+ 39. dxe5 Kg8 40. Kd7 Rxe7+ 41. Kxe7 h6 42. Rf8+ Kh7 43. e6 Rxa2 44. Kd6 Re2 45. e7 g5 46. e8=Q Rxe8 47. Rxe8 Kg6 48. Ke5 a5 49. Re6+ Kh5 50. Kf5 b4 51. cxb4 axb4 52. Rxc6 b3 53. Rb6 g4 54. Kf4 g3 55. Kxg3 1-0

[Event "Montreal op"]
[Site "Montreal CAN"]
[Date "2025.09.07"]
[Round "7.2"]
[White "Adam, Rafael"]
[Black "Lesiege, Alexandre"]
[Result "1-0"]
[WhiteElo "2160"]
[BlackElo "2465"]
[WhiteFideId "-1"]
[WhiteFideId "-1"]
[PlyCount "85"]
[GameId "2220594750498947"]
[EventDate "2025.09.03"]
[EventType "swiss"]
[EventRounds "7"]
[EventCountry "CAN"]

1. Nf3 c5 2. g3 Nc6 3. c4 e5 4. Nc3 g6 5. Bg2 Bg7 6. d3 Nge7 7. O-O O-O 8. Ne1 d6 9. Nc2 Be6 10. Ne3 Qd7 11. Rb1 Bh3 12. a3 Bxg2 13. Kxg2 f5 14. Ned5 Nxd5 15. Nxd5 h5 16. b4 Rae8 17. e4 h4 18. f3 h3+ 19. Kg1 Rf7 20. Rb2 Ref8 21. Rbf2 Kh7 22. b5 Nd4 23. Be3 Ne6 24. f4 exf4 25. gxf4 Nd4 26. Kh1 Re8 27. Bxd4 Bxd4 28. Re2 Kg7 29. Rf3 fxe4 30. dxe4 Kf8 31. Qf1 Rh7 32. e5 Rf7 33. Nf6 Rxf6 34. exf6 Rxe2 35. Qxe2 Bxf6 36. Qe4 Qg4 37. Rg3 Qd1+ 38. Rg1 Qb3 39. Rxg6 Bd4 40. Qf5+ Ke7 41. Qe6+ Kd8 42. Rg8+ Kc7 43. Qe7+ 1-0

[Event "Montreal op"]
[Site "Montreal CAN"]
[Date "2025.09.07"]
[Round "7.3"]
[White "Sambuev, Bator"]
[Black "Guillemette, Hugo"]
[Result "1-0"]
[WhiteElo "2431"]
[BlackElo "2180"]
[WhiteFideId "-1"]
[WhiteFideId "-1"]
[PlyCount "91"]
[GameId "2220594750498948"]
[EventDate "2025.09.03"]
[EventType "swiss"]
[EventRounds "7"]
[EventCountry "CAN"]

1. d4 Nf6 2. c4 e6 3. Nc3 Bb4 4. e3 O-O 5. Bd2 c5 6. a3 Bxc3 7. Bxc3 Ne4 8. Qc2 Nxc3 9. Qxc3 cxd4 10. exd4 d5 11. c5 Nc6 12. Nf3 e5 13. Nxe5 Re8 14. O-O-O Nxe5 15. dxe5 Qg5+ 16. Kb1 Qxe5 17. Qxe5 Rxe5 18. Bd3 Bf5 19. f4 Bxd3+ 20. Rxd3 Rf5 21. Rb3 b6 22. cxb6 axb6 23. g3 Rf6 24. Rb5 Rd6 25. Rd1 Rad8 26. Rd4 Kf8 27. Rdb4 Rh6 28. Rxb6 Rxh2 29. Rb8 Rxb8 30. Rxb8+ Ke7 31. a4 Kd6 32. Rb7 d4 33. a5 d3 34. Kc1 Kc5 35. a6 Kd4 36. Rd7+ Ke3 37. Re7+ Kf3 38. a7 Rh1+ 39. Kd2 Ra1 40. b4 Kxg3 41. b5 h5 42. b6 Kg4 43. Rxf7 h4 44. Rxg7+ Kf3 45. Rg8 Ra2+ 46. Kxd3 1-0

[Event "Montreal op"]
[Site "Montreal CAN"]
[Date "2025.09.07"]
[Round "7.5"]
[White "Latorre, Vincent"]
[Black "Duong, Thanh Nha"]
[Result "1-0"]
[WhiteElo "2319"]
[BlackElo "2145"]
[WhiteFideId "-1"]
[WhiteFideId "-1"]
[PlyCount "129"]
[GameId "2220594750498950"]
[EventDate "2025.09.03"]
[EventType "swiss"]
[EventRounds "7"]
[EventCountry "CAN"]

1. e4 e6 2. d3 c5 3. g3 b6 4. Bg2 Bb7 5. Nd2 d6 6. f4 Nf6 7. Nh3 Be7 8. O-O Nc6 9. g4 Qc7 10. f5 exf5 11. Rxf5 h6 12. Rf1 Ne5 13. Nf2 O-O 14. c4 Nfd7 15. Nb1 Ng6 16. Nc3 Bf6 17. Be3 Be5 18. Nh3 Nf6 19. Kh1 Qd7 20. Bf3 Nh4 21. Be2 b5 22. Bf2 Ng6 23. Nxb5 d5 24. exd5 Nxd5 25. Bf3 Ndf4 26. Nxf4 Nxf4 27. Bxc5 Rfd8 28. d4 a6 29. Nc3 Ne6 30. dxe5 Nxc5 31. Qxd7 Rxd7 32. Bxb7 Rxb7 33. b3 Re8 34. Rad1 Rxe5 35. Rd5 Rbe7 36. Rxe5 Rxe5 37. Rf5 Re1+ 38. Kg2 Ne6 39. Ra5 Re3 40. Nd5 Re4 41. Kf3 Ng5+ 42. Kg3 Rd4 43. Nf4 Re4 44. Nd5 Rd4 45. h4 Rd3+ 46. Kf4 Rf3+ 47. Ke5 f6+ 48. Kd4 Ne6+ 49. Ke4 Rg3 50. Rxa6 Nc5+ 51. Kf4 Rh3 52. Ra8+ Kf7 53. Ra7+ Kf8 54. h5 Nd3+ 55. Kf5 Rf3+ 56. Ke6 Nc5+ 57. Kd6 Ne4+ 58. Kc6 f5 59. gxf5 Rxf5 60. b4 Nd2 61. c5 Ne4 62. b5 Rf2 63. b6 Rc2 64. b7 Rxc5+ 65. Kb6 1-0

[Event "Montreal op"]
[Site "Montreal CAN"]
[Date "2025.09.07"]
[Round "7.6"]
[White "Tanaka, Tyler"]
[Black "Huang, Qiuyu"]
[Result "1-0"]
[WhiteElo "2244"]
[BlackElo "2043"]
[WhiteFideId "-1"]
[WhiteFideId "-1"]
[PlyCount "77"]
[GameId "2220594750535815"]
[EventDate "2025.09.03"]
[EventType "swiss"]
[EventRounds "7"]
[EventCountry "CAN"]

1. Nf3 f5 2. d3 Nf6 3. e4 d6 4. exf5 Bxf5 5. d4 Nbd7 6. Bd3 Bg4 7. h3 Bh5 8. O-O c5 9. c3 Qc7 10. Be2 h6 11. Na3 O-O-O 12. Nb5 Qb8 13. b4 e5 14. bxc5 dxc5 15. Nxe5 Nxe5 16. Bxh5 a6 17. Na3 cxd4 18. cxd4 Nc6 19. Bg4+ Kc7 20. Nc4 g5 21. Bb2 Bg7 22. Bf3 Nd5 23. Rc1 Qa7 24. Bxd5 Rxd5 25. Qf3 Rhd8 26. Qg3+ Kc8 27. Ne5 Bxe5 28. dxe5 Kb8 29. e6+ Ka8 30. Bf6 Rc8 31. Qf3 Rd6 32. e7 Qb8 33. Rfe1 Re8 34. Qf5 Qc7 35. a3 Qd7 36. Qxd7 Rxd7 37. Rcd1 Nb8 38. f4 gxf4 39. Bh4 1-0

[Event "Montreal op"]
[Site "Montreal CAN"]
[Date "2025.09.07"]
[Round "7.7"]
[White "Robichaud, Louis"]
[Black "Zhu, Hong Rui"]
[Result "0-1"]
[WhiteElo "1914"]
[BlackElo "2212"]
[WhiteFideId "-1"]
[WhiteFideId "-1"]
[PlyCount "56"]
[GameId "2220594750535816"]
[EventDate "2025.09.03"]
[EventType "swiss"]
[EventRounds "7"]
[EventCountry "CAN"]

1. Nf3 c5 2. g3 Nc6 3. Bg2 g6 4. O-O Bg7 5. d3 e6 6. e4 Nge7 7. Nbd2 O-O 8. Nb3 b6 9. Re1 Bb7 10. c3 Rc8 11. d4 cxd4 12. Nbxd4 a6 13. h4 Qc7 14. h5 Nxd4 15. Nxd4 d5 16. hxg6 hxg6 17. exd5 Bxd5 18. Bxd5 Nxd5 19. Bg5 b5 20. Rc1 Qc4 21. b3 Qc5 22. Qg4 Nxc3 23. Nxe6 fxe6 24. Qxe6+ Rf7 25. Re3 Qf5 26. Qxa6 Bd4 27. Rf3 Qxf3 28. Qxc8+ Kg7 0-1

[Event "Montreal op"]
[Site "Montreal CAN"]
[Date "2025.09.07"]
[Round "7.8"]
[White "Saine, Zachary"]
[Black "Migot, Tangi"]
[Result "1/2-1/2"]
[WhiteElo "2068"]
[BlackElo "2324"]
[WhiteFideId "-1"]
[WhiteFideId "-1"]
[PlyCount "97"]
[GameId "2220594750535817"]
[EventDate "2025.09.03"]
[EventType "swiss"]
[EventRounds "7"]
[EventCountry "CAN"]

1. e4 e5 2. Nf3 Nc6 3. Bc4 Nf6 4. d3 Be7 5. O-O O-O 6. Nc3 d6 7. a4 Be6 8. Nd5 h6 9. c3 Nd7 10. a5 a6 11. Re1 Re8 12. b4 Bf8 13. h3 Ne7 14. Qb3 c6 15. Ne3 Bxc4 16. Nxc4 Ng6 17. g3 d5 18. Ne3 Nf6 19. Nf5 Qd7 20. Qc2 Rad8 21. Kg2 Qe6 22. Be3 Rd7 23. Nd2 Ne7 24. Nxe7+ Bxe7 25. Bb6 Bd8 26. Bc5 Nh7 27. Nf3 Bc7 28. d4 dxe4 29. Rxe4 f5 30. Rxe5 Bxe5 31. Nxe5 Rdd8 32. f4 Nf6 33. Re1 Ne4 34. Rxe4 fxe4 35. Qxe4 Qa2+ 36. Kf3 Qd2 37. Qd3 Qe1 38. Kg4 Qa1 39. Bb6 Rd6 40. Bc5 Rf6 41. Nd7 Rfe6 42. Ne5 Qh1 43. Qf5 Qd5 44. Qf7+ Kh8 45. Bf8 Rxf8 46. Qxf8+ Kh7 47. Qf5+ Kg8 48. Qf7+ Kh7 49. Qf5+ 1/2-1/2

[Event "Montreal op"]
[Site "Montreal CAN"]
[Date "2025.09.07"]
[Round "7.9"]
[White "Gavrilin, Roman"]
[Black "Lopez Linares, Lizandro"]
[Result "1-0"]
[WhiteElo "2148"]
[BlackElo "2038"]
[WhiteFideId "-1"]
[WhiteFideId "-1"]
[PlyCount "83"]
[GameId "2220634851239273"]
[EventDate "2025.09.03"]
[EventType "swiss"]
[EventRounds "7"]
[EventCountry "CAN"]

1. e4 c6 2. Nc3 d5 3. Nf3 dxe4 4. Nxe4 Bf5 5. Ng3 Bg6 6. h4 h6 7. Ne5 Bh7 8. Qh5 g6 9. Bc4 e6 10. Qe2 Qc7 11. d4 Bg7 12. Bf4 Qe7 13. Bb3 Nd7 14. Nxd7 Qxd7 15. Ne4 Nf6 16. Bxh6 Nxe4 17. Bxg7 Rg8 18. Be5 g5 19. hxg5 Bg6 20. O-O-O O-O-O 21. f3 Nd6 22. Bf6 Rde8 23. g4 Nb5 24. Kb1 b6 25. Ka1 Kb7 26. c4 Nc7 27. Qe5 Na6 28. a3 Nc7 29. Rc1 a6 30. Rhd1 Ka7 31. Qf4 Rc8 32. Be5 Rgd8 33. Qe3 Kb7 34. f4 Re8 35. Qf3 Ka7 36. Ba4 b5 37. Bb3 bxc4 38. Rxc4 Nd5 39. Rdc1 Qb7 40. Ba4 Rb8 41. Bxb8+ Rxb8 42. b4 1-0

[Event "Montreal op"]
[Site "Montreal CAN"]
[Date "2025.09.07"]
[Round "7.10"]
[White "Saha, Ananda"]
[Black "Deboosere, Adam Moussa"]
[Result "1/2-1/2"]
[WhiteElo "2105"]
[BlackElo "1925"]
[WhiteFideId "-1"]
[WhiteFideId "-1"]
[PlyCount "143"]
[GameId "2221636302398261"]
[EventDate "2025.09.03"]
[EventType "swiss"]
[EventRounds "7"]
[EventCountry "CAN"]

1. d4 Nf6 2. Bg5 d5 3. Nd2 e6 4. e3 Be7 5. f4 b6 6. c3 a5 7. Ngf3 Ng4 8. Bxe7 Qxe7 9. Bd3 Nxe3 10. Qe2 Nf5 11. Bxf5 exf5 12. Qxe7+ Kxe7 13. Kf2 f6 14. h4 h5 15. c4 dxc4 16. Nxc4 Bb7 17. Rac1 Na6 18. Ne3 g6 19. Rhd1 Rad8 20. d5 Rd6 21. Nd4 Rd7 22. Nb5 Rhd8 23. d6+ cxd6 24. Nc4 Be4 25. Nxb6 Rb7 26. Rxd6 Rxd6 27. Nc8+ Ke6 28. Ncxd6 Rb6 29. Nxe4 fxe4 30. a4 Nb4 31. Ke3 f5 32. g3 Nd3 33. Rc2 Kd5 34. Nc7+ Kd6 35. Nb5+ Kd5 36. b3 Rc6 37. Nc7+ Kd6 38. Rxc6+ Kxc6 39. Ne6 Nc5 40. Nf8 Nxb3 41. Nxg6 Kd6 42. Ne5 Nc5 43. Kd4 Nxa4 44. Nc4+ Ke6 45. Nxa5 Nb2 46. Nb3 Nd3 47. Nd2 Nc1 48. Nf1 Ne2+ 49. Ke3 Nc3 50. Nd2 Nd1+ 51. Kd4 Nf2 52. Nf1 Nd1 53. Kc4 Nf2 54. Kc3 Ng4 55. Kd4 Nf2 56. Ke3 Ng4+ 57. Ke2 Kd5 58. Nd2 Ke6 59. Nb1 Nf6 60. Nc3 Nd5 61. Nb5 Nb4 62. Nd4+ Kf6 63. Kd2 Nd3 64. Ke3 Nc1 65. Kd2 Nd3 66. Ke3 Ne1 67. Nb5 Nd3 68. Nc7 Nb4 69. Ne8+ Kf7 70. Nd6+ Ke6 71. Nc4 Nc6 72. Nd2 1/2-1/2

[Event "Montreal op"]
[Site "Montreal CAN"]
[Date "2025.09.07"]
[Round "7.11"]
[White "Atmani, Amine"]
[Black "Gutierrez, Renzo"]
[Result "0-1"]
[WhiteElo "1871"]
[BlackElo "2172"]
[WhiteFideId "-1"]
[WhiteFideId "-1"]
[PlyCount "128"]
[GameId "2220871654408242"]
[EventDate "2025.09.03"]
[EventType "swiss"]
[EventRounds "7"]
[EventCountry "CAN"]

1. d4 d5 2. c4 e6 3. Nc3 c6 4. e4 dxe4 5. Nxe4 Bb4+ 6. Bd2 Qxd4 7. Bxb4 Qxe4+ 8. Be2 Na6 9. Bd6 e5 10. Qb3 f6 11. O-O-O Bf5 12. Bf3 Qf4+ 13. Rd2 O-O-O 14. Ne2 Qxd2+ 15. Kxd2 Rxd6+ 16. Ke1 Nh6 17. Qa3 Rhd8 18. Nc3 Bd3 19. b3 e4 20. Bd1 f5 21. Qa5 g6 22. h4 Re8 23. Rh3 Nf7 24. h5 Re5 25. hxg6 Rxa5 26. gxf7 Rd8 27. Rg3 Nc7 28. b4 Re5 29. Rg8 Ne6 30. Re8 Kd7 31. f8=Q Rxe8 32. Qf6 Nf4 33. Qg7+ R8e7 34. Qg8 Kc7 35. b5 a6 36. bxa6 bxa6 37. Bb3 Kb7 38. Na4 Ne6 39. c5 Nxc5 40. Nxc5+ Rxc5 41. Be6 Rc7 42. Qg5 Rb5 43. Kd2 Rb2+ 44. Ke3 Re2+ 45. Kd4 Rxf2 46. Ke5 Bb5 47. Kd6 f4 48. Bb3 e3 49. a4 Rd2+ 50. Kc5 Bxa4 51. Qxf4 Bxb3 52. Qb4+ Kc8 53. Qxb3 Rd5+ 54. Kc4 Re5 55. Kd4 e2 56. Qg8+ Kb7 57. Qb3+ Ka7 58. Kxe5 e1=Q+ 59. Kf4 Qh4+ 60. g4 Qf2+ 61. Ke5 Re7+ 62. Kd6 Qf6+ 63. Kc5 Re5+ 64. Kb4 Rb5+ 0-1

[Event "Montreal op"]
[Site "Montreal CAN"]
[Date "2025.09.07"]
[Round "7.12"]
[White "Radenovic, Milan"]
[Black "Batorshyn, Ilia"]
[Result "1-0"]
[WhiteElo "1851"]
[BlackElo "2189"]
[WhiteFideId "-1"]
[WhiteFideId "-1"]
[PlyCount "52"]
[GameId "2220874540355645"]
[EventDate "2025.09.03"]
[EventType "swiss"]
[EventRounds "7"]
[EventCountry "CAN"]

1. e4 c6 2. d4 d5 3. e5 c5 4. dxc5 Nc6 5. Nf3 Bg4 6. c3 e6 7. Be3 Nge7 8. Bb5 Nf5 9. Qa4 Nxe3 10. fxe3 Bxf3 11. Bxc6+ bxc6 12. Qxc6+ Ke7 13. gxf3 Rc8 14. Qd6+ Qxd6 15. exd6+ Kd7 16. b4 g6 17. a4 a5 18. Kd2 Rb8 19. Na3 axb4 20. cxb4 Rxb4 21. Rhb1 Rxb1 22. Rxb1 Kc6 23. Rb5 d4 24. exd4 Bh6+ 25. Kd3 Ra8 26. Rb6+ Kd5 1-0

[Event "Montreal op"]
[Site "Montreal CAN"]
[Date "2025.09.07"]
[Round "7.13"]
[White "Arruebarrena, Rafael"]
[Black "Dufresne, Christophe"]
[Result "1/2-1/2"]
[WhiteElo "2107"]
[BlackElo "1762"]
[WhiteFideId "-1"]
[WhiteFideId "-1"]
[PlyCount "161"]
[GameId "2220876042522693"]
[EventDate "2025.09.03"]
[EventType "swiss"]
[EventRounds "7"]
[EventCountry "CAN"]

1. e4 e5 2. Nf3 Nc6 3. Bb5 a6 4. Ba4 Nf6 5. O-O Be7 6. Re1 b5 7. Bb3 O-O 8. a4 Bb7 9. d3 d6 10. Nbd2 Nd7 11. c3 Nc5 12. Bc2 Nxa4 13. Nf1 Nb6 14. Ne3 Bf6 15. d4 exd4 16. cxd4 Re8 17. Ng4 Be7 18. e5 dxe5 19. Ngxe5 Nxe5 20. Nxe5 g6 21. Qg4 Bf6 22. Bh6 Bg7 23. Bxg7 Kxg7 24. h4 h5 25. Qg3 Qd6 26. Qf4 Bd5 27. Be4 Qf6 28. Qxf6+ Kxf6 29. Nd7+ Nxd7 30. Bxd5 Rxe1+ 31. Rxe1 Rf8 32. Rc1 Nb6 33. Rc6+ Kg7 34. Bb3 Rc8 35. d5 Rd8 36. Rxc7 Nxd5 37. Ra7 Rd6 38. Kf1 Kf8 39. g3 Ne7 40. Ke2 Rf6 41. f4 Nc6 42. Ra8+ Ke7 43. Ke3 Na5 44. Ra7+ Kf8 45. Bd5 Nc4+ 46. Bxc4 bxc4 47. Kd4 Rc6 48. Rb7 Kg7 49. Rb4 Kf6 50. Ke4 a5 51. Ra4 c3 52. bxc3 Rxc3 53. Rxa5 Rxg3 54. Ra6+ Kg7 55. Ke5 Re3+ 56. Kd4 Rh3 57. f5 Rxh4+ 58. Ke5 gxf5 59. Kxf5 Rg4 60. Rb6 Rg6 61. Rb1 Kh6 62. Rh1 Rg2 63. Kf4 Kg6 64. Kf3 Rg4 65. Ra1 Kg5 66. Ra8 Rf4+ 67. Kg3 h4+ 68. Kg2 Rg4+ 69. Kf3 Rg3+ 70. Kf2 f5 71. Rb8 Kg4 72. Rg8+ Kf4 73. Ra8 Rg4 74. Rh8 Ke4 75. Re8+ Kd3 76. Kf3 Rg3+ 77. Kf4 Rg7 78. Rh8 Ke2 79. Rxh4 Rg4+ 80. Rxg4 fxg4 81. Kxg4 1/2-1/2

[Event "Montreal op"]
[Site "Montreal CAN"]
[Date "2025.09.07"]
[Round "7.14"]
[White "Morin, Richer"]
[Black "Trofimov-Malyshkin, Valentyn"]
[Result "1/2-1/2"]
[WhiteElo "1859"]
[BlackElo "1964"]
[WhiteFideId "-1"]
[WhiteFideId "-1"]
[PlyCount "55"]
[GameId "2220900373360720"]
[EventDate "2025.09.03"]
[EventType "swiss"]
[EventRounds "7"]
[EventCountry "CAN"]

1. e4 e6 2. d4 d5 3. e5 c5 4. c3 Nc6 5. Nf3 Qb6 6. a3 c4 7. Nbd2 Na5 8. Rb1 Bd7 9. b4 cxb3 10. Nxb3 Ba4 11. Nxa5 Bxd1 12. Rxb6 axb6 13. Bb5+ Kd8 14. Nxb7+ Kc7 15. Nd6 Bxf3 16. Nxf7 Bxa3 17. Bxa3 Rxa3 18. O-O Bh5 19. Nxh8 Nh6 20. f3 Kd8 21. g4 Be8 22. Bxe8 Kxe8 23. Rb1 Ra6 24. g5 Nf5 25. g6 hxg6 26. Nxg6 Ra3 27. Nf4 Rxc3 28. Nxe6 1/2-1/2

[Event "Montreal op"]
[Site "Montreal CAN"]
[Date "2025.09.07"]
[Round "7.15"]
[White "Ramesan, Raunak Amit"]
[Black "Kraiouchkine, Nikita"]
[Result "0-1"]
[WhiteElo "1877"]
[BlackElo "2165"]
[WhiteFideId "-1"]
[WhiteFideId "-1"]
[PlyCount "94"]
[GameId "2220906240426072"]
[EventDate "2025.09.03"]
[EventType "swiss"]
[EventRounds "7"]
[EventCountry "CAN"]

1. e4 c5 2. Nf3 Nc6 3. d4 cxd4 4. Nxd4 Nf6 5. Nc3 g6 6. Nxc6 bxc6 7. e5 Ng8 8. Bc4 Bg7 9. Qf3 f5 10. Bf4 e6 11. h4 Rb8 12. Bb3 Nh6 13. O-O-O Qe7 14. Bg5 Qb4 15. a3 Qb6 16. h5 Ng4 17. Ne4 h6 18. Bf6 Bxf6 19. exf6 d5 20. Nd6+ Kd7 21. Nxc8 Rbxc8 22. hxg6 Nxf6 23. Qf4 Ng4 24. Rd2 Rcg8 25. f3 Qe3 26. Qb4 Rb8 27. Qa4 Ne5 28. Rhd1 Rhg8 29. Kb1 Kc7 30. Qa5+ Qb6 31. Qc3 Nxg6 32. Qf6 Rbe8 33. Re2 c5 34. Qf7+ Kb8 35. Bxd5 Nf4 36. Ree1 Ref8 37. Qd7 Rd8 38. Qf7 Nxd5 39. Rd3 c4 40. Rxd5 exd5 41. Re7 c3 42. b3 Rxg2 43. a4 Qg1+ 44. Ka2 Rxc2+ 45. Ka3 Qc5+ 46. b4 Ra2+ 47. Kxa2 Qf2+ 0-1

[Event "Montreal op"]
[Site "Montreal CAN"]
[Date "2025.09.07"]
[Round "7.16"]
[White "Siegel, Adam"]
[Black "Chapdelaine, Gwyn"]
[Result "1-0"]
[WhiteElo "2051"]
[BlackElo "1884"]
[WhiteFideId "-1"]
[WhiteFideId "-1"]
[PlyCount "63"]
[GameId "2220951247618147"]
[EventDate "2025.09.03"]
[EventType "swiss"]
[EventRounds "7"]
[EventCountry "CAN"]

1. d4 Nf6 2. c4 e6 3. Nc3 Bb4 4. e3 O-O 5. Nge2 b6 6. a3 Bxc3+ 7. Nxc3 Bb7 8. Bd3 d6 9. O-O c5 10. d5 exd5 11. cxd5 Nbd7 12. e4 Re8 13. Re1 a6 14. a4 Rc8 15. b3 Ne5 16. Bf1 c4 17. f4 Neg4 18. bxc4 b5 19. Qd4 Nxd5 20. Nxd5 Qh4 21. h3 Qxe1 22. Bb2 Qf2+ 23. Qxf2 Nxf2 24. Kxf2 bxc4 25. Re1 f5 26. Nb6 Rc6 27. Bxc4+ Kh8 28. Bd4 fxe4 29. Ke3 a5 30. Bb5 Rxb6 31. Bxb6 Rc8 32. Bxa5 1-0

[Event "Montreal op"]
[Site "Montreal CAN"]
[Date "2025.09.07"]
[Round "7.17"]
[White "Chua, Zachary"]
[Black "Darvekar, Yash"]
[Result "0-1"]
[WhiteElo "1744"]
[BlackElo "1989"]
[WhiteFideId "-1"]
[WhiteFideId "-1"]
[PlyCount "160"]
[GameId "2220952780062827"]
[EventDate "2025.09.03"]
[EventType "swiss"]
[EventRounds "7"]
[EventCountry "CAN"]

1. d4 d5 2. Bf4 Nf6 3. e3 c5 4. c3 Nc6 5. Nd2 Qb6 6. Qc2 g6 7. Ngf3 cxd4 8. exd4 Bg7 9. Bd3 Bd7 10. h3 O-O 11. O-O Rfc8 12. Qb3 Na5 13. Qc2 Nc4 14. b3 Nxd2 15. Bxd2 Bb5 16. Rfc1 Bxd3 17. Qxd3 Ne4 18. Be3 Qd6 19. Rc2 f5 20. a4 Rc6 21. Re1 f4 22. Bd2 Nxd2 23. Qxd2 Qa3 24. Rb1 Rf8 25. Ne5 Bxe5 26. dxe5 Qc5 27. b4 Qc4 28. b5 Re6 29. Rb4 Qc5 30. Qd4 b6 31. a5 f3 32. axb6 axb6 33. gxf3 Rxf3 34. Rd2 Rxc3 35. Qxd5 Qxd5 36. Rxd5 Rxh3 37. Rc4 Rb3 38. Kf1 g5 39. Ke2 Kg7 40. Rc6 Rxc6 41. bxc6 Rc3 42. Rd7 Kf7 43. Rc7 Ke6 44. Rc8 Kxe5 45. Rh8 Rxc6 46. Rxh7 Re6 47. Rh8 Kf4+ 48. Kf1 b5 49. Rb8 Re5 50. Rf8+ Ke4 51. Rb8 Kd4 52. Kg2 Kc4 53. Kg3 b4 54. Rc8+ Kb3 55. f4 Re3+ 56. Kf2 gxf4 57. Rc1 Rc3 58. Re1 Re3 59. Rc1 Kb2 60. Rc4 b3 61. Rxf4 Rd3 62. Ke2 Rd5 63. Rf8 Kb1 64. Ke3 b2 65. Ke4 Rb5 66. Kd3 Ka2 67. Kc3 Rb3+ 68. Kc4 b1=Q 69. Ra8+ Kb2 70. Kc5 Qc2+ 71. Kd5 Qd3+ 72. Ke6 Qe4+ 73. Kf7 Rf3+ 74. Ke8 Qxa8+ 75. Kd7 Rd3+ 76. Ke6 Qd5+ 77. Kxe7 Re3+ 78. Kf8 Qf5+ 79. Kg7 Rg3+ 80. Kh6 Qh3# 0-1

[Event "Montreal op"]
[Site "Montreal CAN"]
[Date "2025.09.07"]
[Round "7.18"]
[White "Turcotte, Jonathan"]
[Black "Sun, Jonathan"]
[Result "1-0"]
[WhiteElo "1945"]
[BlackElo "1790"]
[WhiteFideId "-1"]
[WhiteFideId "-1"]
[PlyCount "87"]
[GameId "2220959804846201"]
[EventDate "2025.09.03"]
[EventType "swiss"]
[EventRounds "7"]
[EventCountry "CAN"]

1. d4 Nf6 2. c4 g6 3. Nc3 Bg7 4. e4 d6 5. Be2 O-O 6. Nf3 Na6 7. O-O e5 8. Re1 exd4 9. Nxd4 Nc5 10. Bf1 Re8 11. f3 c6 12. b4 Ne6 13. Nc2 a5 14. b5 Qc7 15. Be3 Nd7 16. Qd2 Ndc5 17. Rad1 Bd7 18. g3 Rad8 19. Bg2 Bc8 20. f4 f5 21. exf5 gxf5 22. Bh3 Ne4 23. Nxe4 fxe4 24. b6 Qe7 25. Qxa5 Nd4 26. Nxd4 Bxh3 27. Nf5 Bxf5 28. Qxf5 Ra8 29. Re2 Rf8 30. Qg4 Kh8 31. Red2 Rad8 32. f5 Rfe8 33. Qf4 Bf6 34. Rxd6 Be5 35. Qxe5+ Qxe5 36. Bd4 Rxd6 37. Bxe5+ Rxe5 38. Rxd6 Rxf5 39. Re6 Ra5 40. Rxe4 Rxa2 41. Re7 Rc2 42. Rxb7 Rxc4 43. Rc7 Rb4 44. b7 1-0

[Event "Montreal op"]
[Site "Montreal CAN"]
[Date "2025.09.07"]
[Round "7.19"]
[White "Jutras, Arnaud"]
[Black "Ang, Alan"]
[Result "1-0"]
[WhiteElo "1720"]
[BlackElo "1938"]
[WhiteFideId "-1"]
[WhiteFideId "-1"]
[PlyCount "109"]
[GameId "2220997372223617"]
[EventDate "2025.09.03"]
[EventType "swiss"]
[EventRounds "7"]
[EventCountry "CAN"]

1. c4 g6 2. g3 Bg7 3. Bg2 c5 4. Nf3 Nf6 5. d4 cxd4 6. Nxd4 Nc6 7. Nc3 O-O 8. O-O Nxd4 9. Qxd4 d6 10. Rd1 a6 11. Qd2 Qc7 12. b3 Bd7 13. Bb2 Rab8 14. Rac1 Rfc8 15. e4 Qa5 16. a3 Qh5 17. Nd5 Nxd5 18. Bxg7 Kxg7 19. exd5 Bh3 20. Bh1 Rc7 21. Re1 Qf5 22. Re4 h5 23. Rf4 Qd7 24. Rh4 Rh8 25. Bf3 Bf5 26. b4 f6 27. h3 Qc8 28. g4 g5 29. Rxh5 Rxh5 30. gxh5 Rxc4 31. Re1 Qd7 32. Qe2 Rc7 33. Bg4 b5 34. Qf3 Bxg4 35. hxg4 Rc4 36. Re4 Rc7 37. Re6 Qe8 38. Qe4 Qf7 39. Qf3 Rc4 40. Qe2 Kf8 41. h6 f5 42. gxf5 Qxf5 43. Re3 Rf4 44. Rxe7 Qg4+ 45. Kf1 Qh3+ 46. Ke1 Qh1+ 47. Kd2 Rd4+ 48. Ke3 Qxd5 49. Qc2 g4 50. Qh7 Qf3+ 51. Kxd4 Qf6+ 52. Kd5 Qf3+ 53. Qe4 Qd1+ 54. Kc6 Qc1+ 55. Kd7 1-0

[Event "Montreal op"]
[Site "Montreal CAN"]
[Date "2025.09.07"]
[Round "7.20"]
[White "Lamontagne, Damien"]
[Black "Li, Yilin"]
[Result "1/2-1/2"]
[WhiteElo "1834"]
[BlackElo "1922"]
[WhiteFideId "-1"]
[WhiteFideId "-1"]
[PlyCount "82"]
[GameId "2220999731196041"]
[EventDate "2025.09.03"]
[EventType "swiss"]
[EventRounds "7"]
[EventCountry "CAN"]

1. e4 c5 2. Nf3 a6 3. c3 d5 4. exd5 Qxd5 5. d4 e6 6. Be3 cxd4 7. cxd4 Nf6 8. Nc3 Qd8 9. Be2 Nc6 10. O-O Nb4 11. Rc1 Be7 12. a3 Nbd5 13. Ne5 O-O 14. Bf3 Nxc3 15. Rxc3 Nd5 16. Rc1 Bf6 17. Qd2 Nxe3 18. Qxe3 Bg5 19. Qc3 Bxc1 20. Rxc1 Rb8 21. Rd1 Qd6 22. h3 Bd7 23. d5 Bb5 24. dxe6 Qxe6 25. Bd5 Qf6 26. Qg3 Rbe8 27. Ng4 Qb6 28. Ne5 Qf6 29. Ng4 Qg6 30. Qc7 Be2 31. Rd4 h5 32. Ne5 Qf5 33. Re4 Rc8 34. Qxb7 Rc1+ 35. Kh2 Qxf2 36. Bxf7+ Kh7 37. Qe7 Qg1+ 38. Kg3 Qe1+ 39. Kh2 Qg1+ 40. Kg3 Qe1+ 41. Kh2 Qg1+ 1/2-1/2

[Event "Montreal op"]
[Site "Montreal CAN"]
[Date "2025.09.07"]
[Round "7.21"]
[White "Berube, Maximilien"]
[Black "Duval, Mathieu"]
[Result "1/2-1/2"]
[WhiteElo "2007"]
[BlackElo "1929"]
[WhiteFideId "-1"]
[WhiteFideId "-1"]
[PlyCount "29"]
[GameId "2221001025245329"]
[EventDate "2025.09.03"]
[EventType "swiss"]
[EventRounds "7"]
[EventCountry "CAN"]

1. e4 g6 2. d4 Bg7 3. Nc3 d6 4. Be3 Nf6 5. f3 O-O 6. Qd2 e5 7. dxe5 dxe5 8. O-O-O Qxd2+ 9. Rxd2 c6 10. Bc4 Nbd7 11. a4 Re8 12. Nge2 Nf8 13. Rhd1 Be6 14. Bxe6 Nxe6 15. Nb1 1/2-1/2